Regard sur les CER (notice n° 1629767)
[ vue normale ]
| 000 -LEADER | |
|---|---|
| fixed length control field | 01426cam a2200157 4500500 |
| 005 - DATE AND TIME OF LATEST TRANSACTION | |
| control field | 20260111102011.0 |
| 041 ## - LANGUAGE CODE | |
| Language code of text/sound track or separate title | fre |
| 042 ## - AUTHENTICATION CODE | |
| Authentication code | dc |
| 100 10 - MAIN ENTRY--PERSONAL NAME | |
| Personal name | Bouyssière-Catusse, Éliane |
| Relator term | author |
| 245 00 - TITLE STATEMENT | |
| Title | Regard sur les CER |
| 260 ## - PUBLICATION, DISTRIBUTION, ETC. | |
| Date of publication, distribution, etc. | 2005.<br/> |
| 500 ## - GENERAL NOTE | |
| General note | 80 |
| 520 ## - SUMMARY, ETC. | |
| Summary, etc. | Résumé L’auteur évoque un sujet passionné, passionnel, surmédiatisé, et qui provoque régulièrement des crises de tachycardie sociales et politiques et oblige les institutions socio-éducatives à adapter leurs réponses pour faire taire les bruits dérangeants de certains adolescents, tout en conservant leurs valeurs fondatrices. Ce court propos, qui ne prétend à aucune exhaustivité, lui permet de poser quelques réflexions sur le fonctionnement de ces petites structures dont les atouts sont nombreux. Un article fondé sur l’humilité au regard de l’histoire des institutions et de l’histoire de vie de chacun des adolescents, mais aussi sur la confiance dans les capacités d’engagement et d’évolution des adultes et des jeunes. Allier protection de l’enfance et protection de la société, utiliser les contraintes pour parfaire l’action éducative, rester vigilants face aux risques de dérives... L’avenir est une invention de tous les jours. |
| 786 0# - DATA SOURCE ENTRY | |
| Note | Empan | 59 | 3 | 2005-09-01 | p. 12-16 | 1152-3336 |
| 856 41 - ELECTRONIC LOCATION AND ACCESS | |
| Uniform Resource Identifier | <a href="https://shs.cairn.info/revue-empan-2005-3-page-12?lang=fr&redirect-ssocas=7080">https://shs.cairn.info/revue-empan-2005-3-page-12?lang=fr&redirect-ssocas=7080</a> |
Pas d'exemplaire disponible.




Réseaux sociaux